FANTASMATA: EL VECTOR IMAGINARIO DE PROCESOS E INSTITUCIONES SOCIALES /

Malfé se disculpa de cierto nomadismo en el cultivo de la psicología, pero se debe decir que no hay tal, sino una fuerte confluencia con los más actuales intereses interdisciplinarios, de insoslayable cultivo para el análisis de los aspectos complejísismos de la vida contemporánea. En su biografía i...

Повний опис

Збережено в:
Бібліографічні деталі
Автор: Malfé, Ricardo (autor)
Формат: Книга
Серія:(Biblioteca de Psicología y Psicoanálisis Amorrortu)
Предмети:
Теги: Додати тег
Немає тегів, Будьте першим, хто поставить тег для цього запису!

MARC

LEADER 00000nam^a2200000^a^4500
001 000229186
005 20250521000000.0
009 20260310104351.319
020 |a 950-518-547-2 
035 |a 049228 
037 |a Acervo Xavier Clavigero 
082 |a 302.  |b MAL 
100 |a Malfé, Ricardo  |e (autor) 
245 1 0 |a FANTASMATA:  |b EL VECTOR IMAGINARIO DE PROCESOS E INSTITUCIONES SOCIALES /  |c RICARDO MALFE 
264 |a BUENOS AIRES :  |b AMORRORTU,  |c 1995 
300 |a 201p. 
336 |a texto  |b txt  |2 rdacontenido 
337 |a sin mediación  |b n  |2 rdamedio 
338 |a volumen  |b nc  |2 rdasoporte 
440 1 |a (Biblioteca de Psicología y Psicoanálisis Amorrortu) 
520 |a Malfé se disculpa de cierto nomadismo en el cultivo de la psicología, pero se debe decir que no hay tal, sino una fuerte confluencia con los más actuales intereses interdisciplinarios, de insoslayable cultivo para el análisis de los aspectos complejísismos de la vida contemporánea. En su biografía intelectual, Malfé privilegió las manifestaciones subjetivas de acontecimientos cuyo despliegue tiene un centro aparente en las escenas pública y política de las sociedades de nuestro tiempo y que dan notable testimonio de la insuficiencia de las explicaciones `racionales' de los fenómenos de la psicología 
649 |a XX 
650 |a PSICOLOGIA SOCIAL. 
910 |a Fondo General 
920 |a Impresos - Libros 
930 |a Colección General 
905 |a 101 
901 |a 049228  |b IT1  |c ACC  |i 049228  |u 20250521 
902 |a https://opac.biblio.iteso.mx/vufind/Record/000229186